000
00223nam a2200085Ia 4500
008
170620s9999 xx 000 0 und d
100
_a
N. C. E. R. T.
245
0
_a
Minimum Specification For Pre-Schools
260
_b
New Delhi- N.C.E.R.T.
260
_c
2001
999
_c
24762
_d
24762